What's hot around the globe : insights on personal care products.
| Format: | Book |
|---|---|
| Published: |
[S.l]:
The Nielsen,
2007.
|
| Subjects: |
| LEADER | 00411cam a2200133 7i4500 | ||
|---|---|---|---|
| 001 | 0000022639 | ||
| 005 | 20090604090000.0 | ||
| 090 | 0 | 0 | |a I 646.72 |b WHA |
| 245 | 0 | 0 | |a What's hot around the globe : insights on personal care products. |
| 260 | 0 | 0 | |a [S.l]: |b The Nielsen, |c 2007. |
| 300 | # | # | |a 52 p. |
| 650 | 0 | 0 | |a Skin -- |x Care and hygiene |
| 650 | 0 | 0 | |a Personal care |
| 999 | |a 0000023507 |b Book |c International |e Business Information Centre | ||